Statistics for 2017 NBA Draft

Click here to take the quiz!

General Stats

  • This quiz has been taken 32 times
  • The average score is 24 of 60

Answer Stats

#TeamCollegeAnswer% Correct
2LakersUCLALonzo Ball
100%
176ersWashingtonMarkelle Fultz
100%
3CelticsDukeJayson Tatum
96%
9MavericksNC StateDennis Smith Jr.
93%
4SunsKansasJosh Jackson
93%
5KingsKentuckyDe'Aaron Fox
89%
31HornetsDukeFrank Jackson
89%
15Trail BlazersNorth CarolinaJustin Jackson
89%
6MagicFlorida StateJonathon Isaac
79%
11HornetsKentuckyMalik Monk
79%
12PistonsDukeLuke Kennard
71%
8KnicksFranceFrank Ntilikina
68%
19HawksWake ForestJohn Collins
68%
10KingsGonzagaZach Collins
68%
7TimberwolvesArizonaLauri Markkanen
64%
13NuggetsLouisvilleDonovan Mitchell
61%
14HeatKentuckyBam Adebayo
57%
27NetsUtahKyle Kuzma
57%
18PacersUCLAT.J. Leaf
57%
17BucksMichiganD.J. Wilson
54%
22NetsTexasJarrett Allen
54%
53CelticsArizonaKadeem Allen
54%
20Trail BlazersDukeHarry Giles
50%
34KingsKansasFrank Mason III
43%
30JazzVillanovaJosh Hart
43%
16BullsCreightonJustin Patton
36%
29SpursColoradoDerrick White
32%
38BullsOregonJordan Bell
32%
23RaptorsIndianaOG Anunoby
32%
21ThunderAustraliaTerrance Ferguson
32%
26Trail BlazersPurdueCaleb Swanigan
29%
4676ersSMUSterling Brown
29%
40PelicansFlorida StateDwayne Bacon
25%
51NuggetsIowa StateMonte' Morris
25%
48BucksSouth CarolinaSindarius Thornwell
25%
32SunsMiamiDavon Reed
21%
45RocketsOregonDillon Brooks
21%
56CelticsCaliforniaJabari Bird
21%
55JazzGonzagaNigel Williams-Goss
21%
42JazzIndianaThomas Bryant
21%
28LakersNorth CarolinaTony Bradley
21%
41HawksOregonTyler Dorsey
21%
24JazzSyracuseTyler Lydon
21%
33MagicKansas StateWesley Iwundu
21%
35MagicCaliforniaIvan Rabb
18%
59SpursClemsonJaron Blossomgame
18%
3676ersSerbiaJonah Bolden
18%
60HawksSerbiaAlpha Kaba
14%
25MagicSpainAnzejs Pasecniks
14%
47PacersUCLAIke Anigbogu
14%
3976ersOklahoma StateJawun Evans
14%
37CelticsSMUSemi Ojeleye
14%
54SunsValparaisoAlec Peters
11%
44KnicksHoustonDamyean Dotson
11%
52PelicansXavierEdmond Sumner
11%
43RocketsLithuaniaIsaiah Hartenstein
11%
5076ersFranceMatthias Lessort
7%
57NetsSpainAleksandar Vezenkov
4%
58KnicksSerbiaOgnjen Jaramaz
0%
49NuggetsSerbiaVlatko Cancar
0%

Score Distribution

Percentile by Number Answered

Percent of People with Each Score

Your Score History

You have not taken this quiz